[Bank & finance magazin for annual meetings Prague 2000 of the International Monetary Fund and the World Bank
Enregistré dans:
| Format: | Livre |
|---|---|
| Langue: | anglais |
| Publié: |
Praha
PANORAMA
1998
|
| Sujets: | |
| Tags: |
Pas de tags, Soyez le premier à ajouter un tag!
|
MARC
| LEADER | 00000nam a2200000 4500 | ||
|---|---|---|---|
| 001 | c125068 | ||
| 005 | 20221109093159.9 | ||
| 041 | 0 | |a eng | |
| 044 | |a CZ | ||
| 245 | 1 | 0 | |a [Bank & finance |b magazin for annual meetings Prague 2000 of the International Monetary Fund and the World Bank |
| 264 | 1 | |a Praha |b PANORAMA |c 1998 | |
| 300 | |a 103 s. | ||
| 610 | 2 | 0 | |a bankovníctvo |
| 610 | 2 | 0 | |a financie |
| 610 | 2 | 0 | |a situácia hospodárska |
| 610 | 2 | 0 | |a euro |
| 610 | 2 | 0 | |a štát |
| 610 | 2 | 0 | |a banky |
| 610 | 2 | 0 | |a burzy |
| 610 | 2 | 0 | |a privatizácia |
| 610 | 2 | 0 | |a Česko |
| 610 | 2 | 0 | |a Praha |
| 610 | 2 | 0 | |a 2000 |